The irregular economy : the "underground" economy and the "black" labour market /

Saved in:
Bibliographic Details
Main Author: Dallago, Bruno, 1950-
Format: Book
Language:English
Published: Aldershot, Hants, England : Brookfield, Vt., USA : Dartmouth ; Gower Pub. Co., c1990.
Subjects:
LEADER 01230cam a2200313 a 4500
001 c000379687
003 CARM
005 20110208154410.0
008 110208s1990 enk b 001 0 eng d
010 |a 90036029 
019 1 |a 6948158  |z 27563819  |5 LACONCORD2021 
020 |a 1855210134  |c $41.00 
035 |a (OCoLC)21520601  |5 LACONCORD2021 
040 |a LC  |b eng  |c LC  |d LC 
050 0 0 |a HD2341  |b .D25 1990 
082 0 4 |a 331.12  |2 20 
084 |a 83.12  |2 bcl 
100 1 |a Dallago, Bruno,  |d 1950- 
245 1 4 |a The irregular economy :  |b the "underground" economy and the "black" labour market /  |c by Bruno Dallago. 
260 |a Aldershot, Hants, England :  |b Dartmouth ;  |a Brookfield, Vt., USA :  |b Gower Pub. Co.,  |c c1990. 
300 |a xxi, 202 p. ;  |c 23 cm. 
504 |a Includes bibliographical references (p. 169-191) and index. 
650 0 |a Informal sector (Economics) 
650 0 |a Comparative economics. 
852 8 |b CARM  |p 0530818  |f BK 
852 8 |b SCAN  |h A3:AF01B0  |i B11834  |p 0530818  |f BK 
999 f f |i 6aed8f9e-9c1a-5a0b-bd49-2e49df559150  |s ef4d0f91-47c8-5dfb-8edd-1626859128fe 
952 f f |p Can circulate  |a CAVAL  |b CAVAL  |c CAVAL  |d CARM 1 Store  |i book  |m 0530818 
952 f f |a CAVAL  |b CAVAL  |c CAVAL  |d Unmapped Location  |e B11834  |f A3:AF01B0  |h Other scheme